000 00556nam a22001817a 4500
999 _c144631
_d144631
010 _aENG-120574
020 _c150.00
_a9789381332481
035 _aEN-104106
037 _bDBAD/PUB
082 _a323
100 _aShiva, D.
245 _aHuman Right /
_cby D. Shiva AND Balaji Loganatan
260 _aChennai
_bSree Ghomathee Publications
_c2011
270 _aNo. 26/1A, Bharathi Salai , Pycrofts Road, Triplicane,
_bChennai
_e600005
300 _a312p.
_b22cm(pbk).
700 _aLoganathan, Balaji
942 _2ddc
_cEN
_h323
_mSHI